000 00718nam a2200289Ia 4500
005 20260324122347.0
008 008 260324s9999 xx 000 0 eng d
020 _a9781315830285
037 _aEBOOK
040 _aCRL
040 _beng
040 _cCRL
041 _2eng
041 _aeng
084 _qCRL
100 _a Cassirer, H W
_91166144
245 0 _aKant's First Critique
245 3 _bAn Appraisal of the Permanent Significance of Kant's Critique of Pure Reason
260 _bTaylor and Francis
260 _c2013
365 _a
365 _b360
856 _uhttp://www.taylorfrancis.com/books/9781315830285
942 _cEBOOK
999 _c1758826
_d1758826